| 000 | 00000cam 2200000zi 4500 |
| 001 | 9.960803 |
| 003 | CaOODSP |
| 005 | 20260604125715 |
| 006 | m o d f |
| 007 | cr cn |||||||| |
| 008 | 260310t20262026oncd o f000 0 fre d |
| 020 | |a9780660989020 |
| 040 | |aCaOODSP|bfre|erda|cCaOODSP |
| 043 | |an-cn--- |
| 086 | 1 |aM4-290/2026F-PDF |
| 245 | 00|aSensibilisation, connaissances et attitudes des Canadiens par rapport aux véhicules à émission zéro (VEZ) - 2026 : |brapport final. |
| 264 | 1|aOttawa : |bRessources naturelles Canada = Natural Resources Canada, |c2026. |
| 264 | 4|c©2026 |
| 300 | |a1 ressource en ligne (87 pages) : |bgraphiques |
| 336 | |atexte|btxt|2rdacontent/fre |
| 337 | |ainformatique|bc|2rdamedia/fre |
| 338 | |aressource en ligne|bcr|2rdacarrier/fre |
| 500 | |aPublié aussi en anglais sous le titre : Canadians' awareness, knowledge and attitudes related to zero-emission vehicles (ZEVs) - 2026: final report. |
| 500 | |aPréparé à l’intention de Ressources naturelles Canada. |
| 500 | |a« Nom de la firme de recherche : LES ASSOCIÉS DE RECHERCHE EKOS INC. » |
| 500 | |a« Numéro de contrat : CW2423944. » |
| 500 | |a« Numéro d'enregistrement : ROP ROP 046-25. » |
| 650 | 6|aVéhicules électriques|zCanada|xOpinion publique. |
| 650 | 6|aOpinion publique|zCanada. |
| 710 | 1 |aCanada. |bRessources naturelles Canada, |eorganisme de publication. |
| 710 | 2 |aAssociés de recherche Ekos, |econsultant. |
| 775 | 08|tCanadians' awareness, knowledge and attitudes related to zero-emission vehicles (ZEVs) - 2026 : |w(CaOODSP)9.960804 |
| 856 | 40|qPDF|s1.56 Mo|uhttps://publications.gc.ca/collections/collection_2026/rncan-nrcan/M4-290-2026-fra.pdf|z(rapport) |
| 856 | 4 |qHTML|sS.O.|uhttps://epe.lac-bac.gc.ca/100/200/301/pwgsc-tpsgc/por-ef/natural_resources/2026/046-25-f/POR-046-25-rapport.html|z(rapport) |
| 856 | 4 |qHTML|sS.O.|uhttps://epe.lac-bac.gc.ca/100/200/301/pwgsc-tpsgc/por-ef/natural_resources/2026/046-25-f/index.html|z(tableaux de données) |